| 000 | 00459nam a2200181Ia 4500 | ||
|---|---|---|---|
| 001 | 10466 | ||
| 005 | 20260306161834.0 | ||
| 008 | 260306t1992||||xx |||||||||||||| ||spa|| | ||
| 041 | _aESP | ||
| 082 |
_a930.1 _bF14 |
||
| 100 |
_aFagan, Brian M. _eAUT |
||
| 245 | 0 |
_aPeople of the Earth: _ban introduction to world prehistory |
|
| 260 | _c1992 | ||
| 300 |
_avarias paginaciones : : _c23 cm. |
||
| 650 | _aGEN | ||
| 654 | _aCHU | ||
| 942 |
_cLIB _dJUS _fJUS _2ddc _n |
||
| 999 |
_c10466 _d10466 |
||